000 00885nam a2200253 a 4500
001 BRL_828
005 20190320210920.0
008 141013s1929----gw-o#####c---#000-0#ger-#
041 _ager
044 _agw
050 4 _aN4.S54
_b.G89 1929
100 1 _aGuyer, Samuel
_925058
245 1 0 _aSiena und die hügelstädte der Toskana
_bBilder zur Kunstgeschichte mit einem kunstgeschichtlichen Abriss und 104 Bildtafeln
_cvon S. Guyer.
260 _aAugsburg
_bD.R. Benno Filser
_c1929
300 _a37 p.
_bil., 104 láminas
_c30 cm.
440 0 _aMirabilia mundi
_vBand 2
_925059
500 _aAu932
650 1 4 _aArte
_zSiena (Toscana: Italia)
_925060
650 1 4 _aArte medieval
_zSiena (Toscana: Italia)
_925061
650 1 4 _aArte y símbolos cristianos
_zSiena (Toscana: Italia)
_925062
651 4 _aSiena (Toscana: Italia)
_xAntigüedades
_925063
902 _aGRL
942 _2lcc
_cB
999 _c9640
_d9640